00589nam a22001577a 4500999001900000020001600019082001100035100002000046245007800066260003600144300002800180942001300208650004500221700004000266952012500306 c533592d533592 qHard Cover. a624.15 aTalha Bin Tahir aShear behaviour of ordinary strength RC slender beams /cTalha Bin Tahir. aIslamabad:bNICE - NUST,c2016. a119 p. :bill. ;c30cm. 2ddccTHE aStructural Engineering MS-Thesis.917039 aDr. Khaliq ur Rashid kayani.927524 00102ddc406624_150000000000000709493754aCLbCLcTHEd2020-01-14l0o624.15pCL-T-4611r2020-01-14w2020-01-14yTHE